LEADER 04306nam 22006975 450 001 9910743252503321 005 20250604145852.0 010 $a9789811687129 010 $a9811687129 010 $a9789811687136 010 $a9811687137 024 7 $a10.1007/978-981-16-8713-6 035 $a(MiAaPQ)EBC6947051 035 $a(Au-PeEL)EBL6947051 035 $a(CKB)21475269500041 035 $a(DE-He213)978-981-16-8713-6 035 $a(EXLCZ)9921475269500041 100 $a20220405d2022 u| 0 101 0 $aeng 135 $aurcnu|||||||| 181 $ctxt$2rdacontent 182 $cc$2rdamedia 183 $acr$2rdacarrier 200 10$aSystemic Functional Insights on Language and Linguistics /$fby Christian M.I.M. Matthiessen, Bo Wang, Yuanyi Ma, Isaac N. Mwinlaaru 205 $a1st ed. 2022. 210 1$aSingapore :$cSpringer Nature Singapore :$cImprint: Springer,$d2022. 215 $a1 online resource (328 pages) 225 1 $aThe M.A.K. Halliday Library Functional Linguistics Series,$x2198-9877 311 08$aPrint version: Matthiessen, Christian M. I. M. Systemic Functional Insights on Language and Linguistics Singapore : Springer Singapore Pte. Limited,c2022 9789811687129 320 $aIncludes bibliographical references and index. 327 $aForeword by Professor Chang Chenguang -- Preface -- Part I Personal Histories -- 1 Motivation of Moving into Systemic Functional Linguistics -- 2 Language Turned Back on Christian M.I.M. Matthiessen (Part I) -- 3 Language Turned Back on Christian M.I.M. Matthiessen (Part II) -- Part II General Linguistics -- 4 Linguistic Theories (Part I) -- 5 Linguistic Theories (Part II) -- 6 Linguistic Theories (Part III) -- Part III Systemic Functional Theory -- 7 Conceptual Issues in Systemic Functional Linguistics -- 8 Appliable Linguistics -- 9 Register in Systemic Functional Linguistics (Part I) -- 10 Register in Systemic Functional Linguistics (Part II) -- Part IV Applications of Systemic Functional Linguistic -- 11 Educational Linguistics -- 12 Translation Studies (Part I) -- 13 Translation Studies (Part II) -- 14 Translation Studies (Part III) -- 15 Healthcare Communication -- Epilogue by ChristianM.I.M. Matthiessen -- Index -- A Selected Bibliography of Christian M.I.M. Matthiessen?s Publications. . 330 $aThis book features a collection of 10 interviews with Christian M.I.M. Matthiessen, who is a key figure in Systemic Functional Linguistics (SFL) and has collaborated closely with M.A.K. Halliday since the 1980s. As noted by Professor Chang Chenguang, Editor of the M.A.K. Halliday Library Functional Linguistics Series, ?this collection of interviews serves as an important reference for scholars and students of SFL. It provides a unique perspective on the theoretical development and future outlooks of SFL, as well as Matthiessen?s own interpretations of the theory. It also enriches our understanding of SFL and is a very useful addition to the series.? Written in an engaging dialogic format, the book paints a vivid picture of SFL thriving among the landscape of general linguistics and of SFL as an important tool now being applied in various areas. 410 0$aThe M.A.K. Halliday Library Functional Linguistics Series,$x2198-9877 606 $aApplied linguistics 606 $aLinguistics$xMethodology 606 $aLinguistics 606 $aGenetic transcription 606 $aApplied Linguistics 606 $aResearch Methods in Language and Linguistics 606 $aLinguistics 606 $aGene Transcription 606 $aFuncionalisme (Lingüística)$2thub 608 $aLlibres electrònics$2thub 615 0$aApplied linguistics. 615 0$aLinguistics$xMethodology. 615 0$aLinguistics. 615 0$aGenetic transcription. 615 14$aApplied Linguistics. 615 24$aResearch Methods in Language and Linguistics. 615 24$aLinguistics. 615 24$aGene Transcription. 615 7$aFuncionalisme (Lingüística) 676 $a415 702 $aMatthiessen$b Christian M. I. M. 801 0$bMiAaPQ 801 1$bMiAaPQ 801 2$bMiAaPQ 906 $aBOOK 912 $a9910743252503321 996 $aSystemic functional insights on language and linguistics$93559581 997 $aUNINA